000 00490 a2200169 4500
999 _c30186
_d30186
003 NUST
005 20180118120113.0
008 180118b xxu||||| |||| 00| 0 eng d
020 _a082477776X
020 _a9780824777760
082 _a519.2
100 1 _aGard, Thomas C.
_98667
245 1 0 _aIntroduction to stochastic differential equations /
_cThomas C. Gard.
260 _a[S.l.] :
_bMarcel Dekker Inc,
_c1988.
300 _a234 p. ;
_c23 cm.
490 1 _aPure and applied mathematics.
830 0 _aPure and applied mathematics.
_98668
942 _aSNS
_cBK
_k519.2 GAR
_2ddc